000 00477nam a2200169 a 4500
005 20140412111333.0
008 050411s19uu xx 00 eng d
050 _aTR(GS 634
_bFr944
245 _aFruits :
_bmga prutas.
260 _aMakati City :
_bSterling Place.
300 _a1 v. (unp.) ; ill.
440 _aPicture Book
520 _aDifferent kinds of Filipino fruits.
650 _aFruits
_xJuvenile literature
650 _aPicture book of words
999 _c104968
_d104968